1183 1388 1110 1770 1311 1972 1619 1588 1904 1188 1466 1570 1919 1137 1320 1227 1760 1910 1433 1692 1034 1603 1572 1748 1797 1333 1339 1856 1243 1778 1078 1067 1620 1709 1657 1798 1064 1345 1591 1111 1028 1651 1348 1626 1500 1155 1408 1416 1200 1080 1525 1549 1278 1225 1987 1257 1782 1382 1414 1722 1411 1492 1099 1847 1033 1156 1805 1149 1599 1952 1712 1600 1115 1623 1990 1444 1221 1218 1846 1619 1992 1439 1480 1879 1963 1663 1038 1166 1244 1684 1134 1633 1064 1675 1917 1790 1069 1704 1817 BCNSPRNW ULIB Ver.6.0+V

เปลี่ยนเป็นภาษาไทย

Change to English
 แสดงรายละเอียดบรรณานุกรม
  กลับหน้าหลัก

Brief Record : Get Marc (ISO 2709) : E-mail record : QR code < ปิดหน้าต่าง
LEADER : 00000nam 2200000uu 4500
001    13399112297
003     ULIB
008    110627s2549||||th 000 0 tha d
020    9789749916883
090    นว.^bม963ป 2549
100 0  ไมค์ เกล
245 00 ปีนี้ไม่อยากโสด/^cไมค์ เกล
250    พิมพ์ครั้งที่ 1
260    กรุงเทพฯ :^bแพรวสำนักพิมพ์,^c2549
300    358 หน้า
710 1  แพรวสำนักพิมพ์
945    ^p245^l0^i020300
995    ทศพร
999 ^a ใช้งานได้ทุกระบบ
รายการนี้ยังไม่มีแท็ก
คุณยังไม่ได้ล็อกอิน คุณสามารถมีกิจกรรมร่วมกับเว็บไซต์ได้ แต่ต้องล็อกอินก่อน ::
  ล็อกอิน

รายการสื่อสารสนเทศ

ลำดับที่ ประเภท เลขเรียก/บาร์โค้ด สถานที่ สถานะ
- ไม่พบข้อมูล -

BibComment


ยังไม่เคยถูกคอมเมนท์

คอมเมนท์ทรัพยากรรายการนี้
  คอมเมนท์: ปีนี้ไม่อยากโสด ไ..


 Copyright 2026. Bcnsprnw @Library